00875nam a2200181Ia 4500008004100000020003200041050002100073100004200094245006600136250001000202260002400212300001900236500027200255650002700527942001200554952011000566999001700676120626s9999 xx 000 0 und d a970-07-5014-0 970-07-5014-004aKGF5419 G65 20041 aGONZÁLEZ QUINTANILLA, José Arturo10aDerecho penal mexicano cJosé Arturo González Quintanilla a7a Ed aMéxico bPorrúa a1047 páginas aContiene: Índice analítico por materia Dedicatoria Índice general Prólogo Presentación Apéndice Autores mencionados en la obra Subtítulo: parte general y parte especial: metodología jurídica y desglose de las constantes, elementos y configur17aDERECHO PENAL-MÉXICO 2ddccLB 00104070a07b07d2008-11-18l1oKGF5419 G65 2004p07 001569r2024-07-08s2015-02-12t1w2012-06-26yLB c66228d66228